Software Engineering (Record no. 2823)

MARC details
000 -LEADER
fixed length control field 00323nam a2200133Ia 4500
008 - FIXED-LENGTH DATA ELEMENTS--GENERAL INFORMATION
fixed length control field 191201s2007 xx 000 0 und d
082 ## - DEWEY DECIMAL CLASSIFICATION NUMBER
Classification number 005.133
Item number GIS
100 ## - MAIN ENTRY--PERSONAL NAME
Personal name GILL, Nasib singh
245 #0 - TITLE STATEMENT
Title Software Engineering
260 ## - PUBLICATION, DISTRIBUTION, ETC. (IMPRINT)
Place of publication, distribution, etc N.Delhi
Name of publisher, distributor, etc Khanna Publisher
Date of publication, distribution, etc 2007
300 ## - PHYSICAL DESCRIPTION
Extent -
650 ## - SUBJECT ADDED ENTRY--TOPICAL TERM
Topical term or geographic name as entry element B.Tech(IT)
942 ## - ADDED ENTRY ELEMENTS (KOHA)
Source of classification or shelving scheme Dewey Decimal Classification
Koha item type Text Books
Holdings
Withdrawn status Lost status Source of classification or shelving scheme Damaged status Not for loan Collection code Home library Current library Date acquired Source of acquisition Cost, normal purchase price Bill Number Total Checkouts Full call number Acc. no. / Barcode Date last seen Bill Date Koha item type Date last borrowed
    Dewey Decimal Classification     Computer Science & Engineering in Cyber Security PIET C-LIBRARY PIET C-LIBRARY 18/08/2007 J B C, New Delhi 295.00 700   005.1 GIS 6273 04/12/2019 28/07/2007 Text Books  
    Dewey Decimal Classification     Computer Science & Engineering in Cyber Security PIET C-LIBRARY PIET C-LIBRARY 18/08/2007 J B C, New Delhi 295.00 700   005.133 GIS 6274 04/12/2019 28/07/2007 Text Books  
    Dewey Decimal Classification     Computer Science & Engineering in Cyber Security PIET C-LIBRARY PIET C-LIBRARY 23/08/2007 J B C, New Delhi 295.00 722 3 005.1 GIS 7383 30/07/2025 30/07/2007 Text Books 26/03/2025
    Dewey Decimal Classification     Computer Science & Engineering in Cyber Security PIET C-LIBRARY PIET C-LIBRARY 23/08/2007 J B C, New Delhi 295.00 722 2 005.1 GIS 7384 02/06/2022 30/07/2007 Text Books 24/05/2022
    Dewey Decimal Classification     Computer Science & Engineering in Cyber Security PIET C-LIBRARY PIET C-LIBRARY 23/08/2007 J B C, New Delhi 295.00 722 1 005.1 GIS 7385 21/08/2023 30/07/2007 Text Books 10/08/2023
    Dewey Decimal Classification     Computer Science & Engineering in Cyber Security PIET C-LIBRARY PIET C-LIBRARY 23/08/2007 J B C, New Delhi 295.00 722 1 005.1 GIS 7386 04/07/2022 30/07/2007 Text Books 30/05/2022

Design & Developed by: PIET Central Library
R70 Miles Stone Pattikalyana Samalkha Panipat 132102
mail ID :- [email protected], Phone No:- 0180-2569700 Ex.216